MARC

LEADER 00000nam0a2200000 4500
001 353525
005 20231102010612.0
035 |a (RuTPU)RU\TPU\retro\10782 
035 |a RU\TPU\retro\10713 
090 |a 353525 
100 |a 20200514d1974 k y0rusy50 ca 
101 0 |a rus 
102 |a RU 
105 |a a z 001zy 
200 1 |a Стратиграфия и осадочные формации докембрия Северо-Западного Таймыра (опыт литолого-формационного изучения метаморфических толщ)  |f А. И. Забияка  |g Сибирский научно-исследовательский институт геологии, геофизики и минерального сырья (СНИИГГиМС) 
210 |a Красноярск  |c Красноярское книжное издательство  |d 1974 
215 |a 128 с.  |c ил. 
225 1 |a Труды Сибирского научно-исследовательского института геологии, геофизики и минерального сырья (СНИИГГиМС)  |v Вып. 143 
320 |a Библиогр.: с. 124-127 
606 1 |a Докембрий  |y Сибирь  |2 stltpush  |3 (RuTPU)RU\TPU\subj\72684  |9 86093 
610 1 |a стратиграфия 
610 1 |a осадочные формации 
610 1 |a метаморфизм 
610 1 |a Таймыр 
610 1 |a формации 
675 |a 551.71/.72(571.1/.5)  |v 3 
700 1 |a Забияка  |b А. И.  |g Анатолий Игнатьевич 
712 0 2 |a Сибирский научно-исследовательский институт геологии, геофизики и минерального сырья (СНИИГГиМС)  |c (Новосибирск)  |2 stltpush  |3 (RuTPU)RU\TPU\col\322 
801 1 |a RU  |b 63413507  |c 20150310 
801 2 |a RU  |b 63413507  |c 20200514  |g RCR 
942 |c BK